000
00276nam a22001097a 4500
082
_a
628.1
_b
MAC
_c
L-23, P-55
100
_a
Michael A M
_9
6142
245
_a
water well and pump engineering
526
_a
0
_b
0
_c
0
_d
628_100000000000000_MAC
650
_a
MCE
_9
379
942
_2
ddc
_c
BK
999
_c
547952
_d
547952